000 00409pab a2200157 454500
008 180718b2001 xxu||||| |||| 00| 0 eng d
100 _aSharma, Adesh K.
245 _aAchieving TQM the IQRS way
260 _c2001
300 _ap.47-60
362 _aJul-Sep
650 _aTotal quality management
700 _aJoshi, Jagdamba P.
773 _aIndian Journal of Training and Development
909 _a50613
999 _c50613
_d50613